<?xml version="1.0" encoding="UTF-8"?>
<collection xmlns="http://www.loc.gov/MARC21/slim">
 <record>
  <leader>00383pamaa2200133   4500</leader>
  <controlfield tag="001">0000016837</controlfield>
  <controlfield tag="005">20070914090000.0</controlfield>
  <datafield tag="020" ind1="0" ind2="0">
   <subfield code="a">0749399295 </subfield>
  </datafield>
  <datafield tag="090" ind1="0" ind2="0">
   <subfield code="a">PR6017.S5 </subfield>
   <subfield code="b">ISH 1971</subfield>
  </datafield>
  <datafield tag="100" ind1="1" ind2="0">
   <subfield code="a">Isherwood </subfield>
  </datafield>
  <datafield tag="245" ind1="1" ind2="0">
   <subfield code="a">Kathleen and Frank  </subfield>
   <subfield code="c">Christopher Isherwood.</subfield>
  </datafield>
  <datafield tag="260" ind1="0" ind2="0">
   <subfield code="a">London: </subfield>
   <subfield code="b">Minerva, </subfield>
   <subfield code="c">1971.</subfield>
  </datafield>
  <datafield tag="300" ind1=" " ind2=" ">
   <subfield code="a">362p.: </subfield>
   <subfield code="b">20cm.</subfield>
  </datafield>
  <datafield tag="650" ind1="0" ind2="0">
   <subfield code="a">Authors, English -- </subfield>
   <subfield code="x">Family relationships -- </subfield>
   <subfield code="y">20th century </subfield>
  </datafield>
 </record>
</collection>
